[Event "Brest op"]
[Site "Brest"]
[Date "2010.04.05"]
[Round "5.4"]
[White "Tranvouez, Pierre"]
[Black "Pascal, Yann"]
[Result "1-0"]
[WhiteElo "1830"]
[BlackElo "1937"]
[PlyCount "46"]
[EventDate "2010.04.03"]
[EventType "swiss"]
[EventRounds "7"]
[EventCountry "FRA"]
[SourceTitle "EXT 2014"]
[Source "ChessBase"]
[SourceDate "2013.11.20"]
[SourceVersion "1"]
[SourceVersionDate "2013.11.20"]
[SourceQuality "1"]

1. d4 Nf6 2. c4 e6 3. Nc3 Bb4 4. Bg5 h6 5. Bd2 d5 6. e3 0-0 7. Bd3 c5 8. a3 Bxc3 9. bxc3 Nbd7 10. f4 dxc4 11. Bxc4 Ne4 12. Nf3 Ndf6 13. 0-0 b6 14. Ne5 Bb7 15. f5 Nd6 16. fxe6 Nxc4 17. exf7+ Kh7 18. Nxc4 Qd5 19. Qf3 Ne4 20. Ne5 Qe6 21. Be1 g6 22. Qf4 Qd5 23. Ng4 Nf6 1-0

[Event "Brest op"]
[Site "Brest"]
[Date "2010.04.04"]
[Round "3.1"]
[White "Serralta, Michel"]
[Black "Pascal, Yann"]
[Result "1-0"]
[WhiteElo "2102"]
[BlackElo "1937"]
[PlyCount "48"]
[EventDate "2010.04.03"]
[EventType "swiss"]
[EventRounds "7"]
[EventCountry "FRA"]
[SourceTitle "EXT 2014"]
[Source "ChessBase"]
[SourceDate "2013.11.20"]
[SourceVersion "1"]
[SourceVersionDate "2013.11.20"]
[SourceQuality "1"]

1. e4 e5 2. f4 exf4 3. Nf3 Be7 4. Bc4 Nf6 5. Nc3 c6 6. e5 Ng4 7. d4 d5 8. Bd3 Bh4+ 9. Kf1 Nf2 10. Qe1 Nxd3 11. Qxh4 Qxh4 12. Nxh4 Nxc1 13. Rxc1 0-0 14. Nf3 f6 15. exf6 Rxf6 16. Re1 Re6 17. Kf2 h6 18. h4 Rxe1 19. Rxe1 Bf5 20. Re8+ Kf7 21. Rh8 Bxc2 22. Ne2 Bh7 23. Ne5+ Ke7 24. Rxh7 Kf8 1-0

[Event "Finistere-chB 0405"]
[Site "Finistere"]
[Date "2005.05.03"]
[Round "6"]
[White "Pascal, Yann"]
[Black "Guillerm, Mischa"]
[Result "1/2-1/2"]
[WhiteElo "1810"]
[BlackElo "1740"]
[PlyCount "117"]
[EventDate "2004.10.16"]
[EventType "swiss"]
[EventRounds "7"]
[EventCountry "FRA"]
[SourceTitle "EXT 2007"]
[Source "ChessBase"]
[SourceDate "2006.11.23"]
[SourceVersion "1"]
[SourceVersionDate "2006.11.23"]
[SourceQuality "1"]

1. e4 c5 2. Nc3 d6 3. g3 e6 4. Bg2 Nf6 5. d3 Be7 6. f4 Nc6 7. Nf3 Bd7 8. 0-0 0-0 9. h3 Rb8 10. g4 b5 11. f5 b4 12. Ne2 exf5 13. exf5 d5 14. Bf4 Rb6 15. Ng3 Ne8 16. Qd2 Bd6 17. Bxd6 Nxd6 18. Qf4 Ne8 19. Rae1 Qc7 20. Ne5 Nxe5 21. Qxe5 Bc6 22. Qxc7 Nxc7 23. Re7 Nb5 24. f6 g6 25. Ne2 Ra6 26. Ra1 Re8 27. Nf4 Kf8 28. Rae1 Nc7 29. Kf2 Rxe7 30. Rxe7 Ne8 31. g5 h6 32. Nxd5 hxg5 33. Nc7 Nxc7 34. Rxc7 Be8 35. Rxc5 Rxf6+ 36. Kg1 Rf5 37. Rc4 a5 38. Be4 Re5 39. Kf2 Kg7 40. Rd4 f5 41. Bg2 Bf7 42. a3 bxa3 43. bxa3 Kf6 44. c4 Be6 45. Rd6 Ke7 46. Ra6 Rc5 47. Ke3 Re5+ 48. Kd2 f4 49. d4 Re3 50. d5 Bxh3 51. Bxh3 Rxh3 52. Rxa5 Rh2+ 53. Kd3 f3 54. Ra7+ Kd8 55. Rf7 g4 56. Ke3 g5 57. Rf5 Re2+ 58. Kd3 Rg2 59. Ke3 1/2-1/2

[Event "FRA-chT2 0405"]
[Site "France"]
[Date "2005.01.09"]
[Round "6.5"]
[White "Pascal, Yann"]
[Black "Antoine, Jean Luc"]
[Result "0-1"]
[WhiteElo "1810"]
[BlackElo "2003"]
[PlyCount "74"]
[EventDate "2004.10.10"]
[EventType "team-tourn"]
[EventRounds "11"]
[EventCountry "FRA"]
[SourceTitle "EXT 2006"]
[Source "ChessBase"]
[SourceDate "2005.11.24"]
[SourceVersion "1"]
[SourceVersionDate "2005.11.24"]
[SourceQuality "1"]

1. f4 Nf6 2. Nf3 c5 3. g3 d5 4. d3 Nc6 5. Bg2 Bf5 6. Nh4 Bd7 7. 0-0 g6 8. c3 Bg7 9. Nd2 d4 10. cxd4 cxd4 11. Ne4 Qb6 12. Kh1 0-0 13. f5 Ne5 14. h3 Nxe4 15. dxe4 Bc6 16. Bg5 Rae8 17. Qc1 Bb5 18. Rf2 Rc8 19. Qf4 f6 20. Bh6 g5 21. Bxg5 fxg5 22. Qxg5 Qf6 23. Qd2 Nc4 24. Qb4 Ba6 25. Nf3 Ne3 26. g4 Rc4 27. Qb3 Qf7 28. e5 Nxg2 29. Kxg2 Qd5 30. e6 Be5 31. Rd1 Rd8 32. Qa3 Bd6 33. Qd3 Bc5 34. e4 dxe3 35. Qxd5 Rxd5 36. Rxd5 exf2 37. Ne5 f1Q+ 0-1

[Event "FRA-chT2 0405"]
[Site "France"]
[Date "2004.12.05"]
[Round "4.6"]
[White "Varlet, Nicolas"]
[Black "Pascal, Yann"]
[Result "1-0"]
[WhiteElo "2150"]
[BlackElo "1810"]
[PlyCount "95"]
[EventDate "2004.10.10"]
[EventType "team-tourn"]
[EventRounds "11"]
[EventCountry "FRA"]
[SourceTitle "EXT 2006"]
[Source "ChessBase"]
[SourceDate "2005.11.24"]
[SourceVersion "1"]
[SourceVersionDate "2005.11.24"]
[SourceQuality "1"]
[WhiteTeam "Tours"]
[BlackTeam "Brest"]
[WhiteTeamCountry "FRA"]
[BlackTeamCountry "FRA"]

1. d4 d5 2. c4 c6 3. Nf3 Nf6 4. e3 e6 5. Nbd2 Bd6 6. Bd3 Nbd7 7. e4 dxe4 8. Nxe4 Nxe4 9. Bxe4 Bb4+ 10. Kf1 Nf6 11. Bc2 Be7 12. h3 c5 13. b3 b6 14. Bb2 Bb7 15. Qe2 Bxf3 16. Qxf3 cxd4 17. Bxd4 0-0 18. Rd1 Qc7 19. g4 Rad8 20. Kg2 Nd7 21. h4 Bf6 22. Qe4 g6 23. h5 Bxd4 24. Qxd4 Qe5 25. Qd2 Nc5 26. Qh6 Qg7 27. hxg6 hxg6 28. Qg5 Rxd1 29. Rxd1 Qc3 30. Bb1 Kg7 31. b4 Rh8 32. f3 Qb2+ 33. Qd2 Na4 34. Bc2 Qf6 35. Bxa4 e5 36. g5 Qf5 37. Bd7 Qf4 38. Qxf4 exf4 39. Bg4 Re8 40. Kf2 Re3 41. Rd4 Ra3 42. Rxf4 Rxa2+ 43. Ke3 Kf8 44. Be6 Ke7 45. Bxf7 a5 46. c5 Ra3+ 47. Kd4 axb4 48. cxb6 1-0

[Event "FRA-chT3 Gr5 0203"]
[Site "France"]
[Date "2002.11.16"]
[Round "2"]
[White "Pascal, Yann"]
[Black "Luco, Alain"]
[Result "1/2-1/2"]
[WhiteElo "1840"]
[BlackElo "2128"]
[PlyCount "69"]
[EventDate "2002.12.09"]
[EventType "team-tourn"]
[EventRounds "9"]
[EventCountry "FRA"]
[SourceTitle "EXT 2004"]
[Source "ChessBase"]
[SourceDate "2003.11.25"]
[SourceVersion "1"]
[SourceVersionDate "2003.11.25"]
[SourceQuality "1"]

1. e4 e6 2. d4 d5 3. exd5 exd5 4. Bd3 Nc6 5. c3 Bd6 6. Qf3 Nge7 7. Ne2 Be6 8. Bf4 Qd7 9. Bxd6 Qxd6 10. Na3 0-0-0 11. 0-0-0 Qd7 12. h3 Kb8 13. Ng3 g6 14. Qf6 Nc8 15. Rhe1 Nb6 16. Ne2 a6 17. Nf4 Rhe8 18. h4 Qd6 19. Nxe6 fxe6 20. f4 Rf8 21. Qg5 Na4 22. Nc2 Rxf4 23. Rxe6 Qf8 24. Bxa6 Rf2 25. Bb5 Nb6 26. Rde1 Qf4+ 27. Qxf4 Rxf4 28. Bxc6 bxc6 29. g3 Rf3 30. R1e3 Rf1+ 31. Re1 Rdf8 32. Re8+ Kb7 33. Rxf8 Rxf8 34. b3 Nc8 35. Kd2 1/2-1/2